000 00450nam a22001697a 4500
003 NUST - PNEC
005 20170116181147.0
008 151013b xxu||||| |||| 00| 0 eng d
020 _a1855550059
040 _cLIBRARY
082 _a954.91050092 AZZ
100 _915112
_aAzzam Saleem
245 _aShaheed-ul-Islam Muhammad Zia-ul-Haq
_cSaleem Azam
260 _cc.1990
650 _912579
_aPolitics and government
_xGeneral
942 _2ddc
_cBK
999 _c70771
_d70771